[Event "Titled Tue 27th May Late"]
[Site "chess.com INT"]
[Date "2025.05.27"]
[Round "3"]
[White "Velikanov, Alexander"]
[Black "Nouali, Mohamed"]
[Result "0-1"]
[WhiteTitle "IM"]
[BlackTitle "FM"]
[WhiteElo "2372"]
[BlackElo "2157"]
[WhiteFideId "2039290"]
[BlackFideId "5502462"]
[EventDate "2025.05.27"]

1. e4 c5 2. Nf3 Nc6 3. c3 d5 4. exd5 Qxd5 5. d4 Bg4 6. Be2 e6 7. O-O Nf6 8. h3
Bh5 9. c4 Qd8 10. g4 Bg6 11. d5 exd5 12. g5 d4 13. gxf6 gxf6 14. Bf4 Bd6 15. Qd2
Rg8 16. Kh1 Qd7 17. Na3 Qxh3+ 18. Bh2 Be4 0-1

[Event "Titled Tue 27th May Late"]
[Site "chess.com INT"]
[Date "2025.05.27"]
[Round "3"]
[White "Dilmukhametov, Artur"]
[Black "Tari, Aryan"]
[Result "0-1"]
[WhiteTitle "FM"]
[BlackTitle "GM"]
[WhiteElo "2276"]
[BlackElo "2636"]
[WhiteFideId "24179922"]
[BlackFideId "1510045"]
[EventDate "2025.05.27"]

1. Nf3 Nf6 2. g3 c5 3. d4 cxd4 4. Nxd4 e5 5. Nb3 d5 6. Bg2 Be6 7. O-O Nc6 8.
N1d2 Be7 9. e4 d4 10. Nf3 h6 11. Re1 O-O 12. c3 dxc3 13. bxc3 Qxd1 14. Rxd1 Nxe4
15. Nxe5 Nxc3 16. Nxc6 bxc6 17. Re1 Bf6 18. Bb2 Rab8 19. Bxc6 Rfc8 20. Bg2 a5
21. Re3 a4 22. Bxc3 Bxc3 23. Rc1 axb3 24. Rexc3 Rxc3 25. Rxc3 bxa2 26. Ra3 Rb1+
27. Bf1 Bh3 0-1

[Event "Titled Tue 27th May Late"]
[Site "chess.com INT"]
[Date "2025.05.27"]
[Round "3"]
[White "Medina Paz, Miguel"]
[Black "Caruana, Fabiano"]
[Result "0-1"]
[WhiteTitle "IM"]
[BlackTitle "GM"]
[WhiteElo "2368"]
[BlackElo "2776"]
[WhiteFideId "7300379"]
[BlackFideId "2020009"]
[EventDate "2025.05.27"]

1. d4 c5 2. d5 e5 3. Nc3 d6 4. e4 Be7 5. Nf3 Nf6 6. Nd2 h5 7. Be2 h4 8. h3 Nbd7
9. Nc4 Nf8 10. a4 Ng6 11. Be3 Bd7 12. a5 Rb8 13. Qd2 b5 14. axb6 axb6 15. Na3
O-O 16. Nab5 Qe8 17. O-O Nxe4 18. Nxe4 Bxb5 19. c4 Bd7 20. Bg5 f5 21. Bxe7 Qxe7
22. Ng5 Nf4 23. Nf3 g5 24. Nh2 Ra8 25. b3 e4 26. Qb2 Qe5 0-1

[Event "Titled Tue 27th May Late"]
[Site "chess.com INT"]
[Date "2025.05.27"]
[Round "3"]
[White "Pakleza, Zbigniew"]
[Black "Silva, Pedro Gil Ferreira Da"]
[Result "1-0"]
[WhiteTitle "GM"]
[BlackTitle "FM"]
[WhiteElo "2484"]
[BlackElo "2262"]
[WhiteFideId "1119290"]
[BlackFideId "1946102"]
[EventDate "2025.05.27"]

1. g3 Nf6 2. d3 g6 3. c3 d5 4. e3 c5 5. f3 Nc6 6. b3 e5 7. a3 Bg7 8. h3 O-O 9.
Ne2 Be6 10. Bg2 c4 11. bxc4 dxc4 12. d4 exd4 13. cxd4 Re8 14. O-O Qd7 15. Kh2
Qc7 16. Nbc3 Rad8 17. e4 Bc8 18. Be3 a6 19. a4 Nh5 20. f4 f5 21. e5 Bf8 22. Rb1
Ng7 23. d5 Na5 24. Bb6 1-0

[Event "Titled Tue 27th May Late"]
[Site "chess.com INT"]
[Date "2025.05.27"]
[Round "3"]
[White "Onur, Cigdem"]
[Black "Hernandez Leon, Sergio"]
[Result "0-1"]
[WhiteTitle "WCM"]
[BlackTitle "CM"]
[WhiteElo "1966"]
[BlackElo "2106"]
[WhiteFideId "6346030"]
[BlackFideId "2285622"]
[EventDate "2025.05.27"]

1. e4 c5 2. Nf3 Nf6 3. Nc3 d5 4. e5 Nfd7 5. d4 e6 6. Be3 Nc6 7. Bb5 a6 8. Bxc6
bxc6 9. O-O cxd4 10. Nxd4 c5 11. Nxd5 cxd4 12. Qxd4 exd5 13. Qxd5 Rb8 14. Rad1
Be7 15. e6 fxe6 16. Qxe6 Qc7 17. g3 Nf6 0-1

[Event "Titled Tue 27th May Late"]
[Site "chess.com INT"]
[Date "2025.05.27"]
[Round "3"]
[White "Akkara, Omer"]
[Black "Hiwale, Ronak"]
[Result "1-0"]
[WhiteTitle "CM"]
[WhiteElo "2036"]
[BlackElo "2105"]
[WhiteFideId "26319802"]
[BlackFideId "30975336"]
[EventDate "2025.05.27"]

1. e4 g6 2. d4 Bg7 3. Nc3 d6 4. g3 Nf6 5. Bg2 O-O 6. Nge2 Nc6 7. O-O e5 8. dxe5
Nxe5 9. h3 Re8 10. f4 Nc4 11. b3 Nb6 12. Rb1 Be6 13. Kh2 d5 14. f5 gxf5 15. exf5
Bc8 16. Bg5 c6 17. Qd3 Nbd7 18. Nf4 Qc7 19. Rbe1 Ne5 20. Qd2 Bd7 21. Bxf6 Bxf6
22. Nh5 Be7 23. Qh6 Bf8 24. Nf6+ Kh8 25. Qxh7# 1-0

[Event "Titled Tue 27th May Late"]
[Site "chess.com INT"]
[Date "2025.05.27"]
[Round "3"]
[White "Terry, Renato"]
[Black "Mgeladze, Tamaz"]
[Result "1-0"]
[WhiteTitle "IM"]
[BlackTitle "IM"]
[WhiteElo "2508"]
[BlackElo "2388"]
[WhiteFideId "3803457"]
[BlackFideId "13601202"]
[EventDate "2025.05.27"]

1. e4 c5 2. Nf3 Nc6 3. Bb5 g6 4. O-O Bg7 5. c3 Nf6 6. Qe2 O-O 7. h3 d6 8. Rd1
Bd7 9. d4 cxd4 10. cxd4 a6 11. Bc4 Rc8 12. Nc3 b5 13. Bd3 b4 14. Nd5 a5 15.
Nxf6+ Bxf6 16. Bh6 Bg7 17. Bxg7 Kxg7 18. Ba6 Rc7 19. Rac1 Qb8 20. Qc4 Ra7 21.
Bb5 Rc8 22. Qd3 Rac7 23. Ba6 Ne5 24. Nxe5 Rc6 1-0

[Event "Titled Tue 27th May Late"]
[Site "chess.com INT"]
[Date "2025.05.27"]
[Round "3"]
[White "Vlassov, Nikolai"]
[Black "Barrientos, Ernesto"]
[Result "1-0"]
[WhiteTitle "IM"]
[BlackTitle "CM"]
[WhiteElo "2291"]
[BlackElo "2027"]
[WhiteFideId "4103360"]
[BlackFideId "3701247"]
[EventDate "2025.05.27"]

1. e4 c5 2. c3 Nf6 3. e5 Nd5 4. d4 cxd4 5. cxd4 Nc6 6. Nc3 e6 7. f4 d6 8. Nf3
Be7 9. Bd3 b6 10. O-O dxe5 11. fxe5 O-O 12. Bb1 Bb7 13. Qd3 g6 14. Bh6 Re8 15.
a3 Bf8 16. Qd2 Nxc3 17. bxc3 Ne7 18. Bxf8 Rxf8 19. Qh6 Bxf3 20. Rxf3 f5 21. exf6 1-0

[Event "Titled Tue 27th May Late"]
[Site "chess.com INT"]
[Date "2025.05.27"]
[Round "3"]
[White "Hernandez Bonilla, Amelia"]
[Black "Bauml, Broderick Kenneth"]
[Result "1-0"]
[WhiteTitle "WFM"]
[WhiteElo "1976"]
[BlackElo "2089"]
[WhiteFideId "3900193"]
[BlackFideId "30972477"]
[EventDate "2025.05.27"]

1. d4 Nf6 2. Bf4 g6 3. Nc3 Bg7 4. e4 O-O 5. Qd2 c5 6. d5 e5 7. Bh6 d6 8. O-O-O
a6 9. h4 b5 10. f3 b4 11. Nb1 a5 12. h5 a4 13. Bxg7 Kxg7 14. hxg6 fxg6 15. Qh6+
Kg8 16. Nh3 b3 17. cxb3 axb3 18. a3 Ra7 19. Ng5 Nh5 20. Bc4 Qa5 21. Nxh7 Rxh7
22. Qxg6+ Rg7 23. Qxh5 Ba6 24. Nd2 Bxc4 25. Nxc4 Qa6 26. Ne3 Qe2 27. Rde1 Qd3
28. Qh3 Na6 29. Qe6+ Rff7 30. Qe8+ Rf8 31. Rh8+ Kxh8 32. Qxf8+ Kh7 33. Rh1+ Kg6
34. Qf5# 1-0

[Event "Titled Tue 27th May Late"]
[Site "chess.com INT"]
[Date "2025.05.27"]
[Round "3"]
[White "Smieszek, Wojciech"]
[Black "Ragger, Markus"]
[Result "0-1"]
[WhiteTitle "CM"]
[BlackTitle "GM"]
[WhiteElo "2141"]
[BlackElo "2566"]
[WhiteFideId "1156047"]
[BlackFideId "1610856"]
[EventDate "2025.05.27"]

1. e4 e5 2. Nf3 Nc6 3. Bb5 a6 4. Ba4 Bc5 5. Qe2 Nge7 6. c3 O-O 7. O-O d6 8. h3
Ba7 9. Rd1 Ng6 10. d4 b5 11. Bc2 h6 12. d5 Nce7 13. Be3 f5 14. Bxa7 Rxa7 15.
exf5 Nxf5 16. Nbd2 Nf4 17. Qe4 Qf6 18. g4 Ne7 19. Qh7+ Kf7 20. h4 Bxg4 21. Nh2
Bh5 22. Ndf3 Neg6 23. Kh1 Rh8 24. Bxg6+ Nxg6 0-1

[Event "Titled Tue 27th May Late"]
[Site "chess.com INT"]
[Date "2025.05.27"]
[Round "3"]
[White "Ernst, Robert"]
[Black "Kosakowski, Jakub"]
[Result "0-1"]
[WhiteTitle "FM"]
[BlackTitle "GM"]
[WhiteElo "2340"]
[BlackElo "2530"]
[WhiteFideId "1662643"]
[BlackFideId "1185080"]
[EventDate "2025.05.27"]

1. e4 c6 2. d4 d5 3. Nc3 dxe4 4. Nxe4 Nf6 5. Nxf6+ exf6 6. c3 Bd6 7. Bd3 O-O 8.
Ne2 Re8 9. Qc2 h5 10. O-O h4 11. h3 Nd7 12. Bd2 Nf8 13. Rae1 Bc7 14. c4 Be6 15.
Bc3 Qd6 16. f4 Rad8 17. f5 Bc8 18. Bd2 Rxe2 19. Rxe2 Qh2+ 20. Kf2 Qg3+ 21. Kg1
Qh2+ 22. Kf2 Bg3+ 23. Kf3 Rxd4 24. Be3 Be5 25. Bxd4 Qf4# 0-1

[Event "Titled Tue 27th May Late"]
[Site "chess.com INT"]
[Date "2025.05.27"]
[Round "3"]
[White "Ruchinskaya, Valerie"]
[Black "Wu, Derek"]
[Result "0-1"]
[WhiteTitle "WCM"]
[BlackTitle "FM"]
[WhiteElo "1908"]
[BlackElo "2232"]
[WhiteFideId "2631440"]
[BlackFideId "30914558"]
[EventDate "2025.05.27"]

1. d4 Nf6 2. c4 e6 3. Nc3 d5 4. cxd5 exd5 5. Bg5 c6 6. e3 Be7 7. Bd3 O-O 8. Qc2
h6 9. Bh4 Ne8 10. Bxe7 Qxe7 11. Nf3 Nd6 12. O-O Nd7 13. b4 Nb6 14. b5 Nbc4 15.
bxc6 bxc6 16. Nd2 Ba6 17. Nxc4 Bxc4 18. Bxc4 Nxc4 19. Qa4 Qd6 20. Rfb1 a5 21.
Rb7 Rab8 22. Rab1 Kh7 23. h3 Rbe8 24. Qxa5 Nxa5 0-1

[Event "Titled Tue 27th May Late"]
[Site "chess.com INT"]
[Date "2025.05.27"]
[Round "3"]
[White "Nguyen, Ngoc Truong Son"]
[Black "Piesik, Piotr"]
[Result "1-0"]
[WhiteTitle "GM"]
[BlackTitle "IM"]
[WhiteElo "2632"]
[BlackElo "2436"]
[WhiteFideId "12401110"]
[BlackFideId "1136194"]
[EventDate "2025.05.27"]

1. e4 e6 2. d4 d5 3. e5 c5 4. c3 Nc6 5. Nf3 Bd7 6. Na3 Nge7 7. Nb5 Ng6 8. h4 a6
9. Nd6+ Bxd6 10. exd6 h6 11. h5 Nf8 12. dxc5 a5 13. Bb5 Ne5 14. Nxe5 Bxb5 15. a4
Ba6 16. b4 axb4 17. cxb4 f6 18. Ng4 Nd7 19. Ra3 O-O 20. Rg3 f5 21. Bxh6 fxg4 22.
Qxg4 Rf7 23. Bxg7 Bd3 24. Bf6+ Kh7 25. Qg6+ 1-0

[Event "Titled Tue 27th May Late"]
[Site "chess.com INT"]
[Date "2025.05.27"]
[Round "3"]
[White "Rose, Felix"]
[Black "Gyurjinyan, Valter"]
[Result "0-1"]
[WhiteTitle "CM"]
[BlackTitle "CM"]
[WhiteElo "2093"]
[BlackElo "2208"]
[WhiteFideId "5105722"]
[BlackFideId "13318179"]
[EventDate "2025.05.27"]

1. e4 c5 2. Nf3 d6 3. d4 cxd4 4. Nxd4 Nf6 5. Nc3 g6 6. Be3 Nc6 7. f3 h5 8. Bc4
Bg7 9. Qd2 Bd7 10. O-O-O Rc8 11. Bb3 Na5 12. Kb1 a6 13. Rhe1 O-O 14. Nd5 Nxb3
15. axb3 Nxd5 16. exd5 Qc7 17. Rc1 Rfe8 18. h3 h4 19. Bg5 Qc5 20. Ne2 a5 21.
Bxh4 a4 22. b4 Qa7 23. Nc3 a3 0-1

[Event "Titled Tue 27th May Late"]
[Site "chess.com INT"]
[Date "2025.05.27"]
[Round "3"]
[White "Zahedifar, Anahita"]
[Black "Butti, Enrique"]
[Result "0-1"]
[WhiteTitle "WFM"]
[BlackTitle "CM"]
[WhiteElo "2143"]
[BlackElo "1998"]
[WhiteFideId "12560715"]
[BlackFideId "3700470"]
[EventDate "2025.05.27"]

1. d4 Nf6 2. c4 e6 3. Nf3 b6 4. g3 Ba6 5. Bg2 Bxc4 6. Nc3 c6 7. e4 Bb4 8. Qc2 d5
9. Ne5 Ba6 10. a3 Bxc3+ 11. Qxc3 Nxe4 12. Bxe4 dxe4 13. Nxc6 Qd7 14. Ne5 Qb5 15.
Qe3 f6 16. Ng4 h5 17. Qxe4 hxg4 18. Bf4 Qd5 19. Qxd5 exd5 20. Rc1 O-O 21. Kd2
Re8 22. Be3 Nd7 23. Rc7 Nf8 24. Rhc1 Ne6 25. Rd7 Bc4 26. Rc3 Nf8 27. Rc7 Rec8
28. Rxc8 Rxc8 29. Bf4 Ba6 30. Re3 Kf7 31. Bd6 Ne6 32. Bb4 Rc4 33. Bc3 Nxd4 34.
b3 Nxb3+ 35. Kc2 d4 0-1

[Event "Titled Tue 27th May Late"]
[Site "chess.com INT"]
[Date "2025.05.27"]
[Round "3"]
[White "Papadopoulos, Georgios3"]
[Black "Klukin, Kirill"]
[Result "0-1"]
[WhiteTitle "FM"]
[BlackTitle "IM"]
[WhiteElo "2363"]
[BlackElo "2407"]
[WhiteFideId "4210271"]
[BlackFideId "24199273"]
[EventDate "2025.05.27"]

1. e4 c5 2. Nf3 g6 3. Bc4 Bg7 4. c3 Nc6 5. d4 cxd4 6. cxd4 d6 7. h3 Nf6 8. Nc3
O-O 9. Bd3 Bd7 10. O-O Rc8 11. a3 a6 12. Qe2 e5 13. Be3 exd4 14. Nxd4 Re8 15.
Qd2 Ne5 16. Be2 Nc4 17. Bxc4 Rxc4 18. Qd3 b5 19. Nc2 Bc6 20. f3 d5 21. Rad1 Qa8
22. exd5 Nxd5 23. Nxd5 Bxd5 24. Bd4 Rxd4 25. Nxd4 Bc4 26. Qc2 Qa7 27. Qf2 Bxf1
28. Kxf1 Rd8 0-1

[Event "Titled Tue 27th May Late"]
[Site "chess.com INT"]
[Date "2025.05.27"]
[Round "3"]
[White "Hua, Eugene"]
[Black "Zlatkov, Anton"]
[Result "0-1"]
[WhiteTitle "FM"]
[BlackTitle "FM"]
[WhiteElo "2240"]
[BlackElo "2322"]
[WhiteFideId "2618150"]
[BlackFideId "15005402"]
[EventDate "2025.05.27"]

1. d4 Nf6 2. Nf3 d6 3. Nbd2 g6 4. e4 Bg7 5. g3 O-O 6. Bg2 e5 7. O-O Re8 8. Re1
Nc6 9. c3 exd4 10. cxd4 Bg4 11. Qa4 Bxf3 12. Bxf3 Nd7 13. Nb3 Nb6 14. Qb5 Nxd4
15. Nxd4 Bxd4 16. Kg2 Qd7 17. Qd3 Bg7 18. h4 Qe6 19. h5 Nd7 20. h6 Bh8 21. Bd1
Nc5 22. Qb5 c6 23. Qe2 Qxe4+ 24. Qxe4 Rxe4 25. Be3 Nd3 26. Re2 Nxb2 27. Bc2 Re6
28. Rb1 b5 29. Bb3 Nc4 30. Bxc4 bxc4 31. Rb7 d5 32. Rd7 d4 33. Rd2 dxe3 34. Rd8+
Re8 35. Rxa8 Rxa8 36. fxe3 c3 0-1

[Event "Titled Tue 27th May Late"]
[Site "chess.com INT"]
[Date "2025.05.27"]
[Round "3"]
[White "Garcia, Jhoel"]
[Black "Caprio, Guido"]
[Result "0-1"]
[WhiteTitle "IM"]
[BlackTitle "IM"]
[WhiteElo "2304"]
[BlackElo "2435"]
[WhiteFideId "3801110"]
[BlackFideId "834580"]
[EventDate "2025.05.27"]

1. e4 e6 2. d3 d5 3. Nd2 Nf6 4. g3 g6 5. Bg2 Bg7 6. Qe2 O-O 7. Ngf3 c5 8. O-O
Nc6 9. c3 b6 10. e5 Nd7 11. d4 cxd4 12. cxd4 Nb4 13. Qb5 a5 14. Qa4 Ba6 15. Rd1
Bd3 16. b3 b5 17. Qa3 Nc2 18. Qb2 Nxa1 19. Qxa1 Rc8 20. Nf1 Bc2 21. Re1 b4 22.
Bg5 Qb6 23. Ne3 Be4 24. Ng4 Rc3 25. Be3 h5 26. Nf6+ Nxf6 27. exf6 Bxf6 28. Ne5
Bxg2 29. Nd7 Qd8 30. Nxf8 Be4 31. Bh6 Bxd4 32. Qd1 Rd3 33. Qc1 Qf6 34. Rf1 Qf3 0-1

[Event "Titled Tue 27th May Late"]
[Site "chess.com INT"]
[Date "2025.05.27"]
[Round "3"]
[White "Robert, Yoann"]
[Black "Akobian, Varuzhan"]
[Result "0-1"]
[WhiteTitle "CM"]
[BlackTitle "GM"]
[WhiteElo "2198"]
[BlackElo "2564"]
[WhiteFideId "36018805"]
[BlackFideId "13300580"]
[EventDate "2025.05.27"]

1. Nf3 d5 2. e3 a6 3. c4 e6 4. Nc3 Nf6 5. b3 c5 6. cxd5 exd5 7. d4 Nc6 8. Bb2
Bg4 9. dxc5 Bxc5 10. Be2 O-O 11. O-O Re8 12. Rc1 Bd6 13. h3 Be6 14. Bd3 h6 15.
Ne2 Ne4 16. Ned4 Bd7 17. Nxc6 bxc6 18. Qc2 a5 19. a3 Qe7 20. Ra1 Ng5 21. Nxg5
Qxg5 22. Kh1 c5 23. Rad1 Bc6 24. f4 Qg3 25. Rf3 Qh4 26. Qc3 d4 27. exd4 Bxf3 28.
dxc5 Qxh3+ 29. Kg1 Qxg2# 0-1

[Event "Titled Tue 27th May Late"]
[Site "chess.com INT"]
[Date "2025.05.27"]
[Round "3"]
[White "Pavlidou, Ekaterini"]
[Black "Danzer, George"]
[Result "1-0"]
[WhiteTitle "WIM"]
[BlackTitle "CM"]
[WhiteElo "2198"]
[BlackElo "2172"]
[WhiteFideId "4213262"]
[BlackFideId "4659465"]
[EventDate "2025.05.27"]

1. d4 Nf6 2. c4 g6 3. Nc3 d5 4. Nf3 Bg7 5. Bg5 dxc4 6. Bxf6 Bxf6 7. e3 a6 8.
Bxc4 b5 9. Bb3 Bb7 10. h4 c5 11. h5 cxd4 12. hxg6 fxg6 13. Nxd4 Bxd4 14. exd4 b4
15. Ne2 Bxg2 16. Rg1 Bf3 17. Qd3 Bxe2 18. Kxe2 Nc6 19. Rad1 Qd6 20. Qc4 Rd8 21.
Ba4 Rc8 22. d5 Qe5+ 23. Kf1 Qxb2 24. dxc6 1-0

[Event "Titled Tue 27th May Late"]
[Site "chess.com INT"]
[Date "2025.05.27"]
[Round "3"]
[White "Aronian, Levon"]
[Black "Kushko, Dmitriy"]
[Result "1-0"]
[WhiteTitle "GM"]
[BlackTitle "IM"]
[WhiteElo "2747"]
[BlackElo "2454"]
[WhiteFideId "13300474"]
[BlackFideId "14162261"]
[EventDate "2025.05.27"]

1. d4 d6 2. Nf3 Nf6 3. Nc3 g6 4. e4 Bg7 5. Be2 O-O 6. O-O c6 7. a4 Qc7 8. Be3
Nbd7 9. Nd2 Rd8 10. f4 e5 11. dxe5 dxe5 12. f5 gxf5 13. Rxf5 Nf8 14. Rf2 Ne6 15.
Qf1 Nf4 16. Nc4 Nxe2+ 17. Qxe2 Ng4 18. Rf3 Be6 19. Rg3 Nxe3 20. Nxe3 Kh8 21. Kh1
Rg8 22. Nf5 Rad8 23. Rh3 Bxf5 24. exf5 e4 25. Nxe4 Qf4 26. Rf1 1-0

[Event "Titled Tue 27th May Late"]
[Site "chess.com INT"]
[Date "2025.05.27"]
[Round "3"]
[White "Fascio Outerbridge, Arno Augusto"]
[Black "Borisov, Yuri"]
[Result "1-0"]
[WhiteTitle "CM"]
[BlackTitle "FM"]
[WhiteElo "2060"]
[BlackElo "2285"]
[WhiteFideId "6610862"]
[BlackFideId "1503928"]
[EventDate "2025.05.27"]

1. Nf3 e6 2. d4 f5 3. g3 Nf6 4. Bg2 d5 5. O-O Bd6 6. c4 c6 7. Nc3 O-O 8. Qb3 Qe7
9. Ne5 Nbd7 10. Bf4 Kh8 11. Rad1 Ne4 12. Nxd7 Bxd7 13. Bxd6 Qxd6 14. f3 Nxc3 15.
bxc3 b6 16. e4 c5 17. cxd5 exd5 18. Qxd5 Qxd5 19. exd5 c4 20. f4 Ba4 21. Rde1
Bc2 22. Re5 Rad8 23. Rfe1 a5 24. Re6 b5 25. Rb6 Rb8 26. Rxb8 Rxb8 27. d6 Kg8 28.
d7 Kf8 29. Bc6 Be4 30. Bxe4 fxe4 31. Rxe4 b4 32. cxb4 axb4 33. d5 b3 34. axb3
cxb3 35. Rc4 Ke7 36. Rc8 1-0

[Event "Titled Tue 27th May Late"]
[Site "chess.com INT"]
[Date "2025.05.27"]
[Round "3"]
[White "Korkmaz, Necmettin"]
[Black "Vykouk, Jan"]
[Result "0-1"]
[WhiteTitle "CM"]
[BlackTitle "IM"]
[WhiteElo "2059"]
[BlackElo "2496"]
[WhiteFideId "6303285"]
[BlackFideId "349658"]
[EventDate "2025.05.27"]

1. e4 c5 2. Nc3 Nc6 3. g3 g6 4. Bg2 Bg7 5. d3 Rb8 6. Nge2 b5 7. a3 a5 8. O-O b4
9. axb4 axb4 10. Nb1 e6 11. c3 Nge7 12. Be3 d6 13. Qd2 O-O 14. Bh6 Bb7 15. Bxg7
Kxg7 16. f4 f5 17. d4 cxd4 18. Nxd4 Qb6 19. Qf2 Nxd4 20. cxd4 Bxe4 21. Nd2 d5
22. Nb3 Ra8 23. Nc5 Rfd8 24. Bxe4 dxe4 25. g4 fxg4 26. Rxa8 Rxa8 27. Nxe4 Rd8
28. Nc5 Nf5 29. Qe1 Nxd4 30. Qe5+ Kg8 31. Ne4 Nf3+ 32. Kg2 Nxe5 0-1

[Event "Titled Tue 27th May Late"]
[Site "chess.com INT"]
[Date "2025.05.27"]
[Round "3"]
[White "Dominguez, Ramiro"]
[Black "Gubajdullin, Alexei"]
[Result "1-0"]
[WhiteTitle "FM"]
[BlackTitle "FM"]
[WhiteElo "2185"]
[BlackElo "2227"]
[WhiteFideId "4420055"]
[BlackFideId "4141202"]
[EventDate "2025.05.27"]

1. e4 c5 2. Ne2 d6 3. g3 Nf6 4. Bg2 g6 5. c3 Bg7 6. d4 O-O 7. h3 cxd4 8. cxd4
Nc6 9. Nbc3 e5 10. Be3 b6 11. O-O Ba6 12. Re1 Na5 13. b3 Rc8 14. Rc1 Nc6 15. Bg5
h6 16. Bxf6 Bxf6 17. dxe5 Nxe5 18. Nd5 Rxc1 19. Nxc1 Nd3 20. Nxd3 Bg7 21. Qc2
Qc8 22. Qxc8 Bxc8 23. Ne7+ Kh7 24. Nxc8 Rxc8 25. Rc1 Rd8 26. Rc7 Kg8 27. Nb4 a5
28. Nd5 1-0

[Event "Titled Tue 27th May Late"]
[Site "chess.com INT"]
[Date "2025.05.27"]
[Round "3"]
[White "Patel, Maahir M"]
[Black "Musial, Igor"]
[Result "0-1"]
[BlackTitle "FM"]
[WhiteElo "2026"]
[BlackElo "2304"]
[WhiteFideId "30995612"]
[BlackFideId "21858110"]
[EventDate "2025.05.27"]

1. a4 Nf6 2. a5 e5 3. Nc3 d5 4. d4 exd4 5. Qxd4 Nc6 6. Qd1 Bf5 7. a6 bxa6 8. e3
d4 9. exd4 Qxd4 10. Rxa6 Qxd1+ 11. Nxd1 Nb4 12. Bb5+ Kd8 13. Ne3 Nxa6 14. Nxf5
Nb4 15. c3 Nbd5 16. Nf3 Rb8 17. N5d4 Rb6 18. Bd3 Bd6 19. O-O Re8 20. g3 Kc8 21.
Rd1 g6 22. Kf1 Kb8 23. b4 Nxc3 24. Rd2 Bxb4 25. Rc2 Rd8 26. Bg5 c5 27. Nb5 Ncd5
28. Bc4 a6 29. Bxd5 Rxd5 30. Nc3 Bxc3 31. Rxc3 Ne4 32. Bf4+ Kb7 33. Rc4 f5 34.
Kg2 Rb4 35. h4 Rxc4 0-1

[Event "Titled Tue 27th May Late"]
[Site "chess.com INT"]
[Date "2025.05.27"]
[Round "3"]
[White "Pyrih, Roman"]
[Black "Lazavik, Denis"]
[Result "0-1"]
[WhiteTitle "FM"]
[BlackTitle "GM"]
[WhiteElo "2429"]
[BlackElo "2577"]
[WhiteFideId "14179156"]
[BlackFideId "13515110"]
[EventDate "2025.05.27"]

1. e4 c5 2. Nf3 Nc6 3. d4 cxd4 4. Nxd4 Nf6 5. Nc3 e5 6. Ndb5 d6 7. Na3 Be6 8.
Bg5 Be7 9. Bxf6 Bxf6 10. Nd5 O-O 11. Nc4 Bg5 12. c3 Kh8 13. Be2 g6 14. O-O f5
15. exf5 gxf5 16. f4 Bh6 17. Kh1 Rc8 18. Nce3 Ne7 19. Bf3 Qd7 20. Nxe7 Qxe7 21.
Nd5 Bxd5 22. Qxd5 Bxf4 23. g3 Bh6 24. Qxb7 Qxb7 25. Bxb7 Rb8 26. Bc6 Rxb2 27.
Rad1 Rf6 28. a4 Be3 29. Rd3 f4 30. gxf4 exf4 31. h3 Rg6 32. h4 Rg4 0-1

[Event "Titled Tue 27th May Late"]
[Site "chess.com INT"]
[Date "2025.05.27"]
[Round "3"]
[White "Hadzovic, Amir"]
[Black "Kochavi, Dana"]
[Result "0-1"]
[WhiteTitle "FM"]
[BlackTitle "FM"]
[WhiteElo "2354"]
[BlackElo "2226"]
[WhiteFideId "14402300"]
[BlackFideId "2837137"]
[EventDate "2025.05.27"]

1. e4 c6 2. Nf3 d5 3. d3 g6 4. e5 Bg7 5. d4 Bg4 6. Be2 c5 7. O-O cxd4 8. Nxd4
Bxe2 9. Qxe2 Nc6 10. Nxc6 bxc6 11. e6 Nf6 12. exf7+ Kxf7 13. Nc3 Qd6 14. Na4
Rhe8 15. Be3 e5 16. c3 Nd7 17. Rad1 c5 18. Qf3+ Nf6 19. Nxc5 Kg8 20. b4 a5 21.
a3 axb4 22. axb4 Ra3 23. Bd2 d4 24. cxd4 Rxf3 25. dxe5 Qxe5 26. gxf3 Qh5 27. Kg2
Nd5 28. Rfe1 Rf8 29. Ne4 Qxf3+ 30. Kg1 Bd4 31. Bh6 Bxf2+ 32. Nxf2 Qxf2+ 33. Kh1
Qf3+ 34. Kg1 Nf4 35. Rd2 Nh3# 0-1

[Event "Titled Tue 27th May Late"]
[Site "chess.com INT"]
[Date "2025.05.27"]
[Round "3"]
[White "De Sousa, Antonio Micaias Silva"]
[Black "Tologon tegin, Semetei"]
[Result "0-1"]
[BlackTitle "IM"]
[WhiteElo "2007"]
[BlackElo "2313"]
[WhiteFideId "22798528"]
[BlackFideId "13800574"]
[EventDate "2025.05.27"]

1. e4 Nf6 2. e5 Nd5 3. d4 d6 4. exd6 cxd6 5. c4 Nb6 6. Nc3 g6 7. Be3 Bg7 8. Rc1
O-O 9. b3 Bf5 10. Be2 d5 11. c5 Nc8 12. h4 h5 13. Nf3 Nc6 14. Qd2 Bg4 15. Bh6 e6
16. Bxg7 Kxg7 17. g3 Qf6 18. Rd1 N8e7 19. Ng5 Bxe2 20. Nxe2 Nf5 21. O-O Rad8 22.
f4 b6 23. b4 bxc5 24. bxc5 Rb8 25. Rb1 Ncxd4 26. Nxd4 Nxd4 27. Kg2 Nc6 28. Nf3
a5 29. Rb6 Rxb6 30. cxb6 Rb8 31. Rb1 Rb7 32. Qc2 e5 33. fxe5 Nxe5 34. Nxe5 Qxe5
35. Rb5 Kh7 36. Qd3 a4 37. Rxd5 Qb2+ 38. Kh3 Qxb6 39. Rd7 Qe6+ 0-1